000 00492pab a2200169 454500
008 180718b2015 xxu||||| |||| 00| 0 eng d
100 _aThachaparamban, Shamna
245 _aAn Empirical Analysis on Public Expenditure and Growth in Kerala
260 _c2015
300 _ap.2536.
362 _aSep
650 _aPublic expenditure - India - Kerala
650 _aEconomic growth - India - Kerala
650 _aPublic expenditure
773 _aAsian Economic Review
909 _a109504
999 _c109499
_d109499